000 00538nam a2200205Ia 4500
005 20250923144347.0
008 008 250917s9999 xx 000 0 eng d
037 _aTextual
040 _aDSWL
_beng
_cDSWL
041 _aeng
_2eng
084 _aT, J0
_qDSWL
100 _aJeffreys, M.V.C.
_9824082
245 0 _aGlaucon
_cby M.V.C. Jeffreys
260 _aLondon
_bIssaac Pitman
_c1950
300 _a173 p.
365 _aINR
_b12. 6
925 _g12. 6
942 _cTEXL
_hT, J0
999 _c1437887
_d1437887